| 000 | 00794nam a2200217 a 4500 | ||
|---|---|---|---|
| 999 |
_c7429 _d7429 |
||
| 001 | 7429 | ||
| 003 | BD-JhCC | ||
| 005 | 20180210171024.0 | ||
| 008 | 180210b1978 bg a|||| ||a| 000 0 ben d | ||
| 035 | _a(BD-JhCC) 7429 | ||
| 040 |
_aBD-JhCC _dBD-JhCC |
||
| 041 | _aben | ||
| 082 |
_a954.9205 _bCHO 1998 |
||
| 245 |
_aছোটদের উপযোগী ছড়া-কবিতা, গল্প, প্রবন্ধের সংকলন আমাদের মুক্তিযুদ্ধ / _cসম্পাদনায় আমীরুল ইসলাম |
||
| 260 |
_aঢাকা : _bঅনন্যা, _c1998 |
||
| 300 |
_a192 p .: _c22 cm . |
||
| 650 |
_aRevoulation (1971) _zBangladesh |
||
| 700 | _aইসলাম, আমীরুল | ||
| 942 |
_2ddc _cBK |
||